01226 a2200205 4500003000500000005001700005020001500022040000900037082001600046100002500062245004500087250001500132260003800147300001100185505062900196650003900825942001200864999001900876952012500895Nust20221121115717.0 a0070583706 cNust a621.381,KAL aKalsi, H. S.9103257 aElectronic Instrumentation /cH.S. Kalsi a2nd Editon aNew DelhibTata McGraw-Hillc2004 a801 p. aQualities of Instruments (Page-1), Indicators and Display Devices (Page-20), Ammeters (Page-57), Voltmeters and MultiMate’s (Page-68) Digital Voltmeters (Page-104), Digital Instruments(Page-122), Oscilloscope (Page-151), Signal Generators (Page-206), Wave Analyzer and Harmonic Distortion (Page-232), Measuring Instruments (Page-249), Bridges (Page-286), Recorders (Page-318), Transducers (Page-351), Signal Conditioning (Page-409), Filters (Page-444), Measurement Set Up (Page-514), Data Acquisition and Conversion (Page-533), Data Transmission (Page-582), Frequency Standards (Page-612), Measurement of Power (Page-617). aElectronic Instrumentation9103258 2ddccBK c193283d193283 00102ddc4070aMCSbMCScGENd2016-12-12o621.381,KALpMCS31159r2016-12-08w2016-12-12yBKzAlmirah No.31, Shelf No.3